|
|
|
|
| LEADER |
00000nam0a2200000 4500 |
| 001 |
343769 |
| 005 |
20231102005608.0 |
| 010 |
|
|
|a 5818905101
|
| 035 |
|
|
|a (RuTPU)RU\TPU\book\374357
|
| 090 |
|
|
|a 343769
|
| 100 |
|
|
|a 20191029d2007 m y0rusy50 ca
|
| 101 |
0 |
|
|a rus
|
| 102 |
|
|
|a RU
|
| 105 |
|
|
|a y z 000ay
|
| 200 |
1 |
|
|a Светлый луч
|f И. Н. Потапенко
|
| 210 |
|
|
|a Москва
|c Гелеос
|d 2007
|
| 215 |
|
|
|a 280 с.
|
| 225 |
1 |
|
|a Дыхание любви
|
| 330 |
|
|
|a Произведения Игнатия Потапенко печатались почти во всех ежемесячных и еженедельных журналах своего времени и всегда отличались яркой талантливостью исполнения. А мягкость тона писателя, изысканность и увлекательность сюжетов его книг очень быстро сделали Игнатия Потапенко любимцем читателей!
|
| 606 |
1 |
|
|a Русская литература современная
|2 stltpush
|3 (RuTPU)RU\TPU\subj\26373
|9 50316
|
| 610 |
1 |
|
|a проза
|
| 610 |
1 |
|
|a романы
|
| 610 |
1 |
|
|a любовь
|
| 675 |
|
|
|a Р2
|v 4
|
| 700 |
|
1 |
|a Потапенко
|b И. Н.
|g Игнатий Николаевич
|
| 801 |
|
1 |
|a RU
|b 63413507
|c 20191029
|
| 801 |
|
2 |
|a RU
|b 63413507
|c 20191129
|g RCR
|
| 942 |
|
|
|c BK
|